MARC

Tag First Indicator Second Indicator Subfields
LEADER 00000cam a22000004a 4500
001 in00003400413
005 20190405202015.0
006 m d
007 cr |||||||nn|n
008 110616s2012 miu o d eng d
010 |z  2011024666 
020 |a 9781609173111 
020 |a 1609173112 
020 |z 9781611860320 (paper : alk. paper) 
020 |z 1611860326 
035 |a (MdBmJHUP)muse9781609173111 
040 |a MdBmJHUP  |c MdBmJHUP  |d UtOrBLW 
043 |a n-us-la  |a n-us-ny 
050 0 0 |a F379.N553  |b A35 2012 
082 0 0 |a 976.3/35064092  |a B  |2 23 
100 1 |a Adler, Constance. 
245 1 0 |a My bayou :  |b New Orleans through the eyes of a lover /  |c Constance Adler. 
264 1 |a East Lansing :  |b Michigan State University Press,  |c [2012] 
264 4 |c ©2012 
300 |a 1 online resource (260 pages) 
336 |a text  |b txt  |2 rdacontent 
337 |a computer  |b c  |2 rdamedia 
338 |a online resource  |b cr  |2 rdacarrier 
588 |a Description based on print version record. 
500 |a Electronic resource. 
600 1 0 |a Adler, Constance  |x Marriage. 
600 1 0 |a Adler, Constance. 
651 0 |a New York (N.Y.)  |v Biography. 
651 0 |a Saint John, Bayou (Orleans Parish, La.)  |x Social life and customs. 
651 0 |a New Orleans (La.)  |x Social life and customs. 
651 0 |a Saint John, Bayou (Orleans Parish, La.)  |v Biography. 
651 0 |a New Orleans (La.)  |v Biography. 
650 0 |a Self-actualization (Psychology)  |v Case studies. 
650 0 |a Hurricane Katrina, 2005  |x Social aspects  |z Louisiana  |z New Orleans. 
655 7 |a Electronic books.  |2 local 
856 4 0 |u http://proxy.library.tamu.edu/login?url=http://muse.jhu.edu/books/9781609173111/  |z Connect to the full text of this electronic book  |t 0 
999 |a MARS 
999 f f |s a5562678-ac15-3c81-9acf-448a20e24968  |i 0f3521ad-1e19-3926-95e5-57071d8c720b  |t 0 
952 f f |a Texas A&M University  |b College Station  |c Electronic Resources  |d Available Online  |t 0  |e F379.N553 A35 2012  |h Library of Congress classification 
998 f f |a F379.N553 A35 2012  |t 0  |l Available Online